1997 Türkiye insan hakları raporu (Record no. 13145)
[ view plain ]
| 000 -BAŞLIK | |
|---|---|
| Sabit Uzunlukta Kontrol Alanı | 01071na a2200313 4500 |
| 999 ## - SİSTEM KONTROL NUMARALARI (KOHA) | |
| Koha Biblionumber | 13145 |
| Koha Biblioitemnumber | 13145 |
| 001 - KONTROL NUMARASI | |
| Denetim Alanı | 15587 |
| 003 - KONTROL NUMARASI IDENTIFIER | |
| Denetim Alanı | MIRAKIL |
| 005 - SON İŞLEM TARİHİ VE ZAMANI | |
| Denetim Alanı | 20190415164705.0 |
| 008 - SABİT-BOY VERİ ELEMANLARI - GENEL BİLGİLER | |
| Sabit Uzunlukta Kontrol Alanı | 161006b tu 000 0 |
| 020 ## - ULUSLARARASI STANDART KİTAP NUMARASI | |
| Uluslararası Standart Kitap Numarası | 9757217220 |
| 035 ## - SİSTEM KONTROL NUMARASI | |
| Sistem Kontrol Numarası | 15587 |
| 040 ## - KATALOGLAMA KAYNAK | |
| Orijinal Kataloglama Ajansı | Milas |
| Kataloglama Dili | tur |
| Metne Dönüştürmek Ajansı | TR-AnCHP |
| 041 ## - DİL KODU | |
| Metin / Ses Parça Veya Ayrı Başlığın Dil Kodu | tur |
| 082 ## - DEWEY ONLU SINIFLANDIRMA NUMARASI | |
| Sınıflandırma Numarası | 323.09561 1997 |
| Ürün Numarası | T53b 1999 |
| 090 ## - SINIFLAMA NUMARASI | |
| Sınıflama Numarası | 323.09561 1997 T53b 1999 |
| 110 ## - ANA GİRİŞ - KURUMSAL ADI | |
| Giriş Elemanı Olarak Kurumsal Ad Veya Yargı Alanı Adı | Türkiye İnsan Hakları Vakfı (TİHV) |
| 222 ## - ANAHTAR ADI | |
| Anahtar Başlık | Türkiye insan hakları raporu |
| 245 ## - BAŞLIK TABLOSU | |
| Başlık | 1997 Türkiye insan hakları raporu |
| Sorumluluk Tablosu, Vb | Türkiye İnsan Hakları Vakfı |
| 260 ## - YAYIN, DAĞITIM, VB | |
| Yayın, Dağıtım, Vb Yeri | Ankara |
| Yayıncı, Dağıtıcı, Vs Adı | Türkiye İnsan Hakları Vakfı Yayınları |
| Yayın, Dağıtım, Vb Tarihi | 1999 |
| 300 ## - FİZİKSEL TANIM | |
| Kapsam | 446 s. |
| Boyutlar | 25 sm. |
| 490 ## - SERİSİ TABLOSU | |
| Seri Beyanı | Türkiye İnsan Hakları Vakfı yayınları |
| Hacim / Ardışık Tanımı | 20 |
| 650 ## - KONU KATMA GİRİŞ - TOPİKAL DÖNEM | |
| Topikal Süreli Veya Coğrafi Ad Giriş Elemanı | İnsan hakları |
| Genel Alt Bölümü | Raporlar |
| Kronolojik Alt Bölümü | 1997 |
| Coğrafi Alt Bölümü | Türkiye |
| 650 ## - KONU KATMA GİRİŞ - TOPİKAL DÖNEM | |
| Topikal Süreli Veya Coğrafi Ad Giriş Elemanı | İnsan hakları ihlali |
| Genel Alt Bölümü | Raporlar |
| -- | Yıllıklar |
| Kronolojik Alt Bölümü | 1997 |
| Coğrafi Alt Bölümü | Türkiye |
| 650 ## - KONU KATMA GİRİŞ - TOPİKAL DÖNEM | |
| Topikal Süreli Veya Coğrafi Ad Giriş Elemanı | Hak ve özgürlükler |
| Genel Alt Bölümü | Raporlar |
| -- | Yıllıklar |
| Kronolojik Alt Bölümü | 1997 |
| Coğrafi Alt Bölümü | Türkiye |
| 650 ## - KONU KATMA GİRİŞ - TOPİKAL DÖNEM | |
| Topikal Süreli Veya Coğrafi Ad Giriş Elemanı | Medeni haklar |
| Genel Alt Bölümü | Raporlar |
| -- | Yıllıklar |
| Kronolojik Alt Bölümü | 1997 |
| Coğrafi Alt Bölümü | Türkiye |
| 942 ## - EKLENDİ GİRİŞ ELEMANLARI (KOHA) | |
| Sınıflandırma Veya Raf Düzeni Kaynak | Dewey Decimal Classification |
| Koha Öğesi Türü | Books |
| 999 ## - SİSTEM KONTROL NUMARALARI (KOHA) | |
| Koha Biblioitemnumber | 13145 |
| 999 ## - SİSTEM KONTROL NUMARALARI (KOHA) | |
| Koha Biblioitemnumber | 6675 |
| Kalıcı Konum | Mevcut Konum | Edinme Tarihi | Toplam Check-Out'Lar | Tam Çağrı Numarası | Barkod | Tarih Son Görülme | İtibaren Geçerli Fiyatlar | Koha Öğesi Türü |
|---|---|---|---|---|---|---|---|---|
| Parti Okulu Kütüphanesi | Parti Okulu Kütüphanesi | 04/15/2019 | 323.09561 1997 T53b 1999 | P00492 | 04/15/2019 | 04/15/2019 | Books |
